00286nam a2200121Ia 4500008004100000041000800041082001500049100001900064245000900083260003600092300002900128365000700157240624s9999 xx 000 0 und d aeng a658.45 LEH aLEHMAN CAROL M aBCOM c2011aAndoverbCengage Learning ax, : 429 : p. : cm. ; 28 cRS